Statistics for Fast typing 1-25 (in word form)

Click here to take the quiz!

General Stats

  • This quiz has been taken 630 times
    (600 since last reset)
  • The average score is 18 of 25

Answer Stats

HintAnswer% Correct
one
100%
three
99%
two
99%
five
98%
four
98%
six
98%
seven
97%
nine
96%
ten
96%
eight
95%
eleven
94%
twelve
92%
thirteen
89%
fourteen
84%
fifteen
78%
sixteen
74%
seventeen
71%
eighteen
64%
nineteen
54%
twenty
49%
twenty one
38%
twenty two
26%
twenty three
18%
twenty four
14%
twenty five
11%

Score Distribution

Percentile by Number Answered

Percent of People with Each Score

Your Score History

You have not taken this quiz since the last reset